Nomographie : praktische anleitung zum entwerfen graphischer rechentafeln mit durchgeführten beispielen aus wissenschaft und technik
Αποθηκεύτηκε σε:
| Κύριοι συγγραφείς: | , |
|---|---|
| Μορφή: | Βιβλίο |
| Γλώσσα: | German |
| Δημοσίευση: |
Stuttgart :
Verlagsgesellschaft,
1954
|
| Έκδοση: | 7η έκδ., Αναθ. |
| Σειρά: | Mathematisch-physikalische Bibliothek ;
59/60 |
| Θέματα: | |
| Ετικέτες: |
Προσθήκη ετικέτας
Δεν υπάρχουν, Καταχωρήστε ετικέτα πρώτοι!
|
MARC
| LEADER | 00000cam a2200000 a 4500 | ||
|---|---|---|---|
| 001 | 1/107876 | ||
| 008 | 150810s1954####gw | ||| |||| ||ger|| | ||
| 040 | |a GR-MyUa |b gre |c GR-MyUa |e AACR2 | ||
| 041 | 0 | |a ger | |
| 082 | 7 | |a 518.23 |2 (23) | |
| 100 | 1 | |a Luckey, Paul. | |
| 245 | 1 | 0 | |a Nomographie : |b praktische anleitung zum entwerfen graphischer rechentafeln mit durchgeführten beispielen aus wissenschaft und technik / |c von Paul Luckey, W. Treusch. |
| 250 | |a 7η έκδ., Αναθ. | ||
| 260 | |a Stuttgart : |b Verlagsgesellschaft, |c 1954 | ||
| 300 | |a 123 σ. : |b διαγρ., σχέδια ; |c 20 εκ. | ||
| 490 | 1 | |a (Mathematisch-physikalische Bibliothek) |v ; 59/60 | |
| 650 | 0 | |a Nomography (Mathematics) | |
| 650 | 0 | |a Graphic methods. | |
| 700 | 1 | |a Treusch, W. |e aut | |
| 830 | 0 | |a Mathematisch-physikalische Bibliothek ; |v 59/60 | |
| 852 | |a INST |b SAMOS |c MAG |e 20150810 |h 518.23 LUC |p 005300034844 |q 005300034844 |t BK |y 0 | ||
| 970 | |a Σιτζίμη |b Γιασεμή |z 10/08/2015 | ||